The Kerala education act, 1958 (Act 6 of 1959 as amended by act 35 of 1960) with the Kerala education rules, 1959, as amended up to 10th Oct. 1963 and notifications / (Record no. 69852)

MARC details
000 -LEADER
fixed length control field 00787cam a22002291i 4500
001 - CONTROL NUMBER
control field sa 66005203
003 - CONTROL NUMBER IDENTIFIER
control field DLC
005 - DATE AND TIME OF LATEST TRANSACTION
control field 20260227112248.0
008 - FIXED-LENGTH DATA ELEMENTS--GENERAL INFORMATION
fixed length control field 881130s1963 ii 000 0 eng
010 ## - LIBRARY OF CONGRESS CONTROL NUMBER
LC control number sa 66005203
035 ## - SYSTEM CONTROL NUMBER
System control number (OCoLC)18817822
040 ## - CATALOGING SOURCE
Original cataloging agency DLC
Transcribing agency ViU
Modifying agency DLC
042 ## - AUTHENTICATION CODE
Authentication code premarc
050 00 - LIBRARY OF CONGRESS CALL NUMBER
Classification number KNT8662.5.A311958
Item number N37 1963
110 1# - MAIN ENTRY--CORPORATE NAME
Corporate name or jurisdiction name as entry element Kerala (India)
245 14 - TITLE STATEMENT
Title The Kerala education act, 1958 (Act 6 of 1959 as amended by act 35 of 1960) with the Kerala education rules, 1959, as amended up to 10th Oct. 1963 and notifications /
Statement of responsibility, etc. by K. K. Narendran.
250 ## - EDITION STATEMENT
Edition statement [2d ed.]
260 ## - PUBLICATION, DISTRIBUTION, ETC.
Place of publication, distribution, etc. Ernakulam :
Name of publisher, distributor, etc. Southern Book Co.,
Date of publication, distribution, etc. [1963]
300 ## - PHYSICAL DESCRIPTION
Extent 154, 81 p. ;
Dimensions 25 cm.
650 #0 - SUBJECT ADDED ENTRY--TOPICAL TERM
Topical term or geographic name entry element Educational law and legislation
Geographic subdivision India
-- Kerala.
700 1# - ADDED ENTRY--PERSONAL NAME
Personal name Narendran, K. K.

No items available.

Powered by Koha